9 najbogatszych krajów według PKB per Capita - Statystyki

Ogólne statystyki
  • Ten quiz został rozwiązany 30 razy
  • Średni wynik to 6 z 9
Statystyki odpowiedzi
Kraj Odpowiedź % Poprawnych
115,700 USD Luksemburg
90%
71,700 USD Szwajcaria
90%
115,700 USD Monako
86%
139,100 USD Liechtenstein
76%
106,000 USD Singapur
76%
92,900 USD Katar
72%
69,700 USD Zjednoczone Emiraty Arabskie
59%
102,500 USD Irlandia
38%
80,300 Bermudy
7%
Nie znaleziono quizów pasujących do podanych kryteriów
Rozkład punktacji
Procent ludzi z każdym wynikiem
Percentyl według liczby udzielonych odpowiedzi
Twoja historia wyników
Nie rozwiązałeś tego quizu